History Quiz

Random History or World Quiz

History Match-Up (1990s) Quiz Stats

 Plays Quiz Updated Sep 3, 2015

Challenge
Share
Tweet
Score 0/36 Timer 05:00
24 Plays Today
% Correct
Forrest
99%
Saddam
98.5%
Nelson
98.5%
Spice
98%
Harry
97.6%
Monica
97.3%
Dawson's
96.7%
Gulf
96.6%
Mortal
96%
Hubble Space
95.6%
Operation Desert
95.4%
Tupac
92.6%
Wayne
91.9%
Yasser
90.6%
Dolly
90%
Boris
89.2%
Bosnian
89.2%
Hush
88.5%
% Correct
Rodney
86%
Madeleine
85.7%
German
84.4%
Angela's
82.6%
Dot-com
78%
Slobodan
77.5%
Comet
77.2%
Ford Bronco
76.1%
West
75.9%
Sailor
73.5%
Crash
69.4%
Aung San
68.5%
Yitzhak
66.7%
Northridge
63.8%
Tamil
61%
OK
52.5%
Alberto
43.1%
Schengen
38%

You're not logged in!

Compare scores with friends on all Sporcle quizzes.
OR
Log In

You Might Also Like...

Show Comments

Extras

Top Quizzes Today


Score Distribution

Your Account Isn't Verified!

In order to create a playlist on Sporcle, you need to verify the email address you used during registration. Go to your Sporcle Settings to finish the process.

Report this User

Report this user for behavior that violates our Community Guidelines.

Details: